Представление документа в формате MARC21

Поле Инд. ПП Название Значение
Тип записи a
Библиографический уровень m
001 Контрольный номер 0a3056b3-2532-4cd7-90e2-da12f767c3ba
005 Дата корректировки 20140703155537.7
008 Кодируемые данные 070702
020 a ISBN 5-901006-11-9
c Цена, тираж 50.00
040 a Служба первич. каталог. НБ ТвГУ
041 a Код языка текста rus
080 a Индекс УДК 94(47).084
084 a Индекс другой классификации/Индекс ББК Т3(2)6-283.2
090 x Авторский знак И73
a Полочн. индекс Т3(2)6
245 10 a Заглавие Интеллигенция в условиях общественной нестабильности
b Продолж. заглавия [сб. ст.]
c Ответственность Межрегион. центр фундам. исследований ; [сост. и гл. ред. А. Студеникин].
260 0_ a Место издания Москва
b Издательство Эдиториал УРСС
c Дата издания 1996
300 a Объем 303 с.
504 a Библиография Библиогр. в подстроч. примеч.
583 a Действие Получение впервые 169 01.07.2007
k Исполнитель действия Дар Кудинова А.Н.
650 a Основная рубрика Интеллигенция
x Основная подрубрика История
y Хронологическая подрубрика 20 в.
z Географическая подрубрика СССР
653 a Ключевые слова Интеллигенция в СССР
a Ключевые слова Российская интеллигенция
a Ключевые слова Советская интеллигенция
a Ключевые слова История России
a Ключевые слова История интеллигенции
a Ключевые слова Творческая интеллигенция
a Ключевые слова Общественная нестабильность
a Ключевые слова Великая Отечественная война
a Ключевые слова Националистические идеи
700 1_ a Другие авторы Студеникин Александр И.
e Роль лиц гл. ред., сост.
852 t Порядковый номер экземпляра 1
p Инвентарный номер 878890
888 a Бесплатные
952 p 169.2007 50.00 1 878890
c Вид литературы К рн
954 a Дата поступления на обработку 20070917
999 a Подразделение 2 кх.